000 00594nam a2200217Ia 4500
005 20241129111450.0
008 241129s9999||||xx |||||||||||||| ||und||
020 _a978-93-89455-93-9
037 _aTB
040 _aCRL
_beng
_cCRL
041 _aurd
_2urd
084 _aO168,3NAL,SS R1
_qCRL
100 _aSiddiq Alam Au.
_9724491
245 0 _aSaleha saleha
_cSiddiq Alam Au.
260 _aDelhi, India
_bArshia Publications
_c2021
300 _a198p.
365 _aINR
_b250
650 _aUrdu Fiction
_93298
942 _cTB
_hO168,3NAL,SS R1
999 _c1230594
_d1230594